000 00678nam a22002057a 4500
999 _c4903
_d4903
003 AR-CdUCM
008 190311b ||||| |||| 00| 0 spa d
040 _aMUNICIPALIDAD PROVINCIAL DEL CUSCO
_cBIBLIOTECA MUNICIPAL DEL CUSCO
082 _a869.56 /
_bV19
100 _aValdivia, Oscar
_910062
245 _aGracias por gracias :
_bpoemas 1965 - 1970 /
260 _aLima :
_bJurídica S.A.,
_c1870.
300 _a36 páginas ;
_c20 cm.
500 _aDonación de la familia Nieto.
650 _aPoesía peruana contemporánea
_910224
650 _aPoetas peruanos - Siglo XX
_915070
650 _aOscar Valdivia - Poemas
_915071
942 _2ddc
_cLIBROS
945 _alccs